| 000 | 00589nam a22001577a 4500 | ||
|---|---|---|---|
| 005 | 20120424125315.0 | ||
| 020 |
_a0195658647 _c495.00 |
||
| 035 | _aB-82237 | ||
| 037 |
_aDPL _bENG |
||
| 100 |
_aNandy, Ashish _945671 |
||
| 245 |
_aThe romance of the state : _bAnd the fate of dissent in the tropics / _cby Ashis Nandy |
||
| 260 |
_aNew Delhi _bOxford University Press _c2003 |
||
| 300 |
_aix, 218p. _c22 cms. |
||
| 942 |
_2ddc _cEN _h306.0954 _mNAN |
||
| 999 |
_c65559 _d65559 |
||